Pilotes de F1 avec le plus de podiums - Statistiques

Statistiques générales
  • Ce quiz a été pris 246 fois
  • Le résultat moyen est 10 sur 15
Statistiques - réponses
Hint Réponse % Correct
1 Hamilton (197)
100%
7 Verstappen (98)
94%
2 Schumacher (155)
93%
4 Prost (106)
89%
8 Senna (80)
89%
3 Vettel (122)
85%
5 Alonso (106)
82%
14 Rosberg (57)
66%
6 Raikkonen (103)
65%
10 Bottas (67)
55%
15 Lauda (54)
52%
12 Piquet (60)
44%
13 Mansell (59)
33%
9 Barrichello (68)
31%
11 Coulthard (62)
19%
Aucun quiz correspondant
Distribution des résultats
% des personnes avec chaque résultat
Percentile par nombre de réponses
Votre historique - résultats
Vous n’avez pas pris ce quiz